000 00549pam a2200217 a 4500
001 1523822
005 20180109041122.0
008 900606s1991 inua 000 0 eng
010 _a 90004904
020 _a0942784448 :
_c$10.95
040 _aDLC
_cDLC
_dDLC
041 _aeng
080 _a650.14
082 0 0 _a650.14 SWA
_220
100 1 _a52
101 _aPUN
245 1 4 _aThe resume solution /
_cby Dave Swanson.
906 _a7
_bcbc
_corignew
_d1
_eocip
_f19
_gy-gencatlg
942 _2ddc
_cBK
999 _c39861
_d39861